[Event "Padova op 11th"]
[Site "Padova"]
[Date "2008.12.21"]
[Round "9"]
[White "Menin, Massimo"]
[Black "Demiraj, Rumi"]
[Result "1-0"]
[WhiteElo "1583"]
[BlackElo "1961"]
[PlyCount "86"]
[EventDate "2008.12.13"]
[EventType "swiss"]
[EventRounds "9"]
[EventCountry "ITA"]
[SourceTitle "CBM 127 Extra"]
[Source "ChessBase"]
[SourceDate "2009.01.08"]
[SourceVersion "2"]
[SourceVersionDate "2009.01.28"]
[SourceQuality "1"]

1. e4 e6 2. d4 d5 3. Nc3 Bb4 4. e5 Ne7 5. a3 Bxc3+ 6. bxc3 c5 7. f4 cxd4 8. cxd4 Nbc6 9. Nf3 Nf5 10. c3 0-0 11. Bd3 Na5 12. 0-0 Bd7 13. Bxf5 exf5 14. Rb1 b6 15. Rf2 Rc8 16. Bb2 Qc7 17. Rc1 Qc6 18. Nd2 Rc7 19. Rf3 Qb5 20. Rb1 Rfc8 21. Ba1 Qa6 22. Rg3 Bb5 23. Qh5 Rc6 24. Qxf5 g6 25. Qh3 Ba4 26. Rc1 Nb3 27. Nxb3 Bxb3 28. f5 Qxa3 29. Re1 Bc2 30. f6 Qf8 31. Qg4 Kh8 32. h4 Bf5 33. Qf4 h5 34. Bb2 Kh7 35. Rg5 Be6 36. Re3 Qh6 37. Reg3 Rg8 38. Qf1 Qf8 39. Qe2 Rh8 40. Qc2 Bg4 41. R3xg4 hxg4 42. Rxg4 Kg8 43. Rxg6+ fxg6 1-0

[Event "Padova op 11th"]
[Site "Padova"]
[Date "2008.12.18"]
[Round "6"]
[White "Demiraj, Rumi"]
[Black "Kizov, Atanas"]
[Result "0-1"]
[WhiteElo "1961"]
[BlackElo "2439"]
[PlyCount "37"]
[EventDate "2008.12.13"]
[EventType "swiss"]
[EventRounds "9"]
[EventCountry "ITA"]
[SourceTitle "CBM 127 Extra"]
[Source "ChessBase"]
[SourceDate "2009.01.08"]
[SourceVersion "2"]
[SourceVersionDate "2009.01.28"]
[SourceQuality "1"]

1. d4 Nf6 2. c4 g6 3. Nc3 Bg7 4. Nf3 0-0 5. e4 d6 6. Be2 c6 7. 0-0 a6 8. a4 a5 9. b3 Na6 10. Bb2 Nd7 11. g4 e5 12. dxe5 dxe5 13. h3 Qb6 14. Ba3 Ndc5 15. Rb1 Rd8 16. Qc2 Nb4 17. Bxb4 Qxb4 18. Kg2 Be6 19. Rb2 0-1

[Event "Padova op 11th"]
[Site "Padova"]
[Date "2008.12.17"]
[Round "5"]
[White "Saponara, Nicola"]
[Black "Demiraj, Rumi"]
[Result "0-1"]
[WhiteElo "1838"]
[BlackElo "1961"]
[PlyCount "84"]
[EventDate "2008.12.13"]
[EventType "swiss"]
[EventRounds "9"]
[EventCountry "ITA"]
[SourceTitle "CBM 127 Extra"]
[Source "ChessBase"]
[SourceDate "2009.01.08"]
[SourceVersion "2"]
[SourceVersionDate "2009.01.28"]
[SourceQuality "1"]

1. e4 e6 2. d4 d5 3. Nc3 Bb4 4. e5 c5 5. a3 Bxc3+ 6. bxc3 Nc6 7. Nf3 f6 8. Bb5 a6 9. Bxc6+ bxc6 10. 0-0 c4 11. a4 Ne7 12. exf6 gxf6 13. Nh4 Kd7 14. Re1 Ng6 15. Qg4 f5 16. Nxf5 exf5 17. Qxf5+ Kc7 18. Qf7+ Bd7 19. Ba3 Qg5 20. Rab1 Qf5 21. Qxf5 Bxf5 22. Rb2 Rab8 23. Rc1 Rxb2 24. Bxb2 Rb8 25. Ba3 h5 26. f3 Nf4 27. Kf2 Re8 28. g4 hxg4 29. fxg4 Bxg4 30. Kg3 Ne2+ 31. Kxg4 Nxc1 32. Bxc1 Re2 33. h4 Kd7 34. Ba3 Ke6 35. h5 Rg2+ 36. Kh4 Kf5 37. Bd6 Rxc2 38. Bb4 Rh2+ 39. Kg3 Rxh5 40. Kf2 Ke4 41. Ke2 Rh2+ 42. Kd1 Ke3 0-1

[Event "Padova op 11th"]
[Site "Padova"]
[Date "2008.12.15"]
[Round "3"]
[White "Fortunato, Lorenzo"]
[Black "Demiraj, Rumi"]
[Result "0-1"]
[WhiteElo "1443"]
[BlackElo "1961"]
[PlyCount "58"]
[EventDate "2008.12.13"]
[EventType "swiss"]
[EventRounds "9"]
[EventCountry "ITA"]
[SourceTitle "CBM 127 Extra"]
[Source "ChessBase"]
[SourceDate "2009.01.08"]
[SourceVersion "2"]
[SourceVersionDate "2009.01.28"]
[SourceQuality "1"]

1. e4 e6 2. d3 d5 3. Nd2 Nf6 4. Ngf3 Nc6 5. g3 Be7 6. Bg2 0-0 7. 0-0 d4 8. e5 Nd7 9. Re1 Re8 10. a3 Nf8 11. b4 a6 12. Bb2 f6 13. Nb3 fxe5 14. Nxe5 Nxe5 15. Rxe5 Bf6 16. Re4 e5 17. g4 Bd7 18. Re1 c6 19. c3 dxc3 20. Bxc3 Qc7 21. Nc5 Ne6 22. Nxd7 Qxd7 23. Bxe5 Bxe5 24. Rxe5 Nf4 25. Rxe8+ Rxe8 26. Be4 Rd8 27. Qb3+ Kh8 28. Bf5 Qd4 29. Kf1 Qxa1+ 0-1

[Event "Padova op 11th"]
[Site "Padova"]
[Date "2008.12.13"]
[Round "1"]
[White "Lazic, Miroljub"]
[Black "Demiraj, Rumi"]
[Result "1-0"]
[WhiteElo "2472"]
[BlackElo "1961"]
[PlyCount "58"]
[EventDate "2008.12.13"]
[EventType "swiss"]
[EventRounds "9"]
[EventCountry "ITA"]
[SourceTitle "CBM 127 Extra"]
[Source "ChessBase"]
[SourceDate "2009.01.08"]
[SourceVersion "2"]
[SourceVersionDate "2009.01.28"]
[SourceQuality "1"]

1. e4 e6 2. d3 d5 3. Nd2 c5 4. g3 b6 5. Bg2 Bb7 6. Ngf3 Nd7 7. 0-0 dxe4 8. dxe4 Be7 9. Qe2 e5 10. Nc4 Qc7 11. a4 a6 12. Rd1 Ngf6 13. Bg5 0-0 14. Rxd7 Qxd7 15. Nxb6 Qe6 16. Nxa8 Rxa8 17. Nd2 h6 18. Be3 Rc8 19. b3 Kf8 20. f3 Ne8 21. Nc4 Rd8 22. Qf2 Nd6 23. Bf1 Nxc4 24. Bxc4 Qd6 25. h4 Bc8 26. Re1 Kg8 27. Re2 Qb6 28. Rd2 Rxd2 29. Qxd2 Qg6 1-0

[Event "Alta Padovana op-B 5th"]
[Site "Loreggia"]
[Date "2005.02.27"]
[Round "4"]
[White "Scandiuzzi, Roberto"]
[Black "Demiraj, Rumi"]
[Result "0-1"]
[WhiteElo "1560"]
[BlackElo "1967"]
[PlyCount "78"]
[EventDate "2005.02.25"]
[EventType "swiss"]
[EventRounds "5"]
[EventCountry "ITA"]
[SourceTitle "EXT 2024"]
[Source "ChessBase"]
[SourceDate "2023.10.10"]
[SourceVersion "1"]
[SourceVersionDate "2023.10.10"]
[SourceQuality "1"]

1. Nf3 f5 2. d4 Nf6 3. c4 d6 4. Qc2 g6 5. Nc3 Bg7 6. e3 0-0 7. Be2 b6 8. 0-0 Bb7 9. Ng5 Qd7 10. Bf3 c6 11. e4 h6 12. Nh3 e6 13. exf5 gxf5 14. Re1 Na6 15. a3 Nc7 16. Bd2 d5 17. cxd5 cxd5 18. Nf4 Ne4 19. Ng6 Rfc8 20. Ne5 Bxe5 21. dxe5 Qg7 22. Bf4 Nb5 23. Bxe4 fxe4 24. Re3 Nd4 25. Qd1 Nf5 26. Rh3 d4 27. Nb5 e3 28. Bg3 exf2+ 29. Kxf2 Bxg2 30. Nxd4 Bxh3 31. Nxe6 Qf7 32. Nf4 Nxg3 33. Kxg3 Bf5 34. Qf3 Qg7+ 35. Kf2 Qxe5 36. Rg1+ Kh8 37. Ng6+ Bxg6 38. Rxg6 Rf8 39. Rxh6+ Kg7 0-1

[Event "Campodarsego op-B 16th"]
[Site "Campodarsego"]
[Date "2005.01.23"]
[Round "5"]
[White "Bonani, Georg"]
[Black "Demiraj, Rumi"]
[Result "0-1"]
[WhiteElo "1892"]
[BlackElo "1967"]
[PlyCount "58"]
[EventDate "2005.01.21"]
[EventType "swiss"]
[EventRounds "5"]
[EventCountry "ITA"]
[SourceTitle "EXT 2024"]
[Source "ChessBase"]
[SourceDate "2023.10.10"]
[SourceVersion "1"]
[SourceVersionDate "2023.10.10"]
[SourceQuality "1"]

1. e4 Nf6 2. e5 Nd5 3. d4 d6 4. Nf3 c6 5. Be2 Bg4 6. 0-0 e6 7. Re1 Be7 8. c4 Nc7 9. Nc3 0-0 10. Bf4 d5 11. c5 b5 12. b4 a5 13. a3 a4 14. h3 Bxf3 15. Bxf3 Kh8 16. Qd2 Rg8 17. Be2 Nd7 18. Bd3 Nf8 19. Be3 f5 20. f4 g5 21. Ne2 g4 22. hxg4 Rxg4 23. Kf1 Bh4 24. Reb1 Ne8 25. Ng1 Ng7 26. Be2 Nh5 27. Nh3 Ng3+ 28. Kg1 Nxe2+ 29. Qxe2 Ra7 0-1

[Event "Campodarsego op-B 16th"]
[Site "Campodarsego"]
[Date "2005.01.21"]
[Round "1"]
[White "Omeri, Silvan"]
[Black "Demiraj, Rumi"]
[Result "1-0"]
[WhiteElo "1600"]
[BlackElo "1967"]
[PlyCount "77"]
[EventDate "2005.01.21"]
[EventType "swiss"]
[EventRounds "5"]
[EventCountry "ITA"]
[SourceTitle "EXT 2024"]
[Source "ChessBase"]
[SourceDate "2023.10.10"]
[SourceVersion "1"]
[SourceVersionDate "2023.10.10"]
[SourceQuality "1"]

1. e4 Nf6 2. Nc3 d5 3. exd5 Nxd5 4. Nxd5 Qxd5 5. d4 Nc6 6. Be3 Bf5 7. c3 e5 8. dxe5 Qxe5 9. Nf3 Qf6 10. Be2 Bd6 11. 0-0 0-0 12. g3 h6 13. Nh4 Bh3 14. Re1 Rad8 15. Qb3 g5 16. Qxb7 Bxg3 17. hxg3 gxh4 18. Qxc7 Rd6 19. Rad1 Re6 20. Qf4 Qxf4 21. gxf4 Rg6+ 22. Kh2 Bg4 23. Bxg4 Rxg4 24. Rd6 Rg6 25. Rg1 Ne7 26. Rdxg6+ fxg6 27. Bc5 Kf7 28. Re1 Re8 29. Rxe7+ Rxe7 30. Bxe7 Kxe7 31. Kh3 g5 32. fxg5 hxg5 33. f4 gxf4 34. Kxh4 Kd6 35. Kg4 Kd5 36. Kxf4 Kc4 37. Ke3 a5 38. Kd2 a4 39. Kc2 1-0